• 首页
  • 本馆介绍
  • 公告通知
  • 最新文献
  • 馆藏检索
  • 电子资源
  • 读者导购
  • 参考咨询
  • 我的图书馆
  • 登录
  • 详细信息显示
  • 放入我的书架
  • 预约/预借图书
  • 作者相关作品
  • 分类相关作品
  • 丛书相关作品
  • 出版社相关作品

书目信息

  • 表格格式
  • 工作单格式
  • 卡片格式
题名:
画法几何及工程制图学习指导书
    
 
作者: 黄江夏 , 徐祖廉 编
分册:  
出版信息: 北京   高等教育出版社  1985
页数: 95页
开本: 19cm
丛书名:
单 册:
中图分类: TB23-42 , TU204
科图分类:
主题词: 建筑制图--教材 , 画法几何--教材
电子资源:
ISBN: 15010.0617
000 00836nam0 2200277 450
001 0185017243
005 20100713165450.0
010    @a15010.0617@dCNY0.76
091    @a15010.0617@dCNY0.76
100    @a20060506d1985 em y0chiy0121 ea
101 0  @achi
102    @aCN@b110000
105    @aak z 000yy
106    @ar
200 1  @a画法几何及工程制图学习指导书@9Hua Fa Ji He Ji Gong Cheng Zhi Tu Xue Xi Zhi Dao Shu @e土建类各专业用@f黄江夏, 徐祖廉编
210    @a北京@c高等教育出版社@d1985
215    @a95页@c图@d19cm
333    @a高等学校函授教材 兼作高等教育自学用书
606 0  @a建筑制图@j教材
606 0  @a画法几何@j教材
690    @aTB23-42@v3
690    @aTU204@v3
701  0 @a黄江夏@9huang jiang xia@4编
701  0 @a徐祖廉@9xu zu lian@4编
801  0 @aCN@bAzMarc@c20130904
905    @aBZT@dTB23@e36@f1@sTB23/36
    
    画法几何及工程制图学习指导书:土建类各专业用/黄江夏, 徐祖廉编.-北京:高等教育出版社,1985
    95页:图;19cm
    使用对象:高等学校函授教材 兼作高等教育自学用书
    
    ISBN 15010.0617:CNY0.76
    
●
相关链接 在五车中查询图书 在当当中查询图书 在豆瓣中查询图书


正题名:画法几何及工程制图学习指导书     索取号:TB23/36         预约/预借

序号 登录号 条形码 馆藏地/架位号 状态 备注
1 2000109758   2000109758   旧书回溯/ [索取号:TB23/36] 在馆    
山东省滨州职业学院图书馆 欢迎您!
大连网信软件有限公司© 版权所有